| 000 | 01061cam a2200265 a 4500 | ||
|---|---|---|---|
| 001 | 000005959 | ||
| 005 | 20200929151847.0 | ||
| 008 | 980310s1997 ve b 001 0 spa | ||
| 020 | _a9803540440 | ||
| 040 |
_aDO-SdBNP _bspa _cBNPHU |
||
| 082 |
_a320.87 _bP438e |
||
| 100 | 1 |
_aPérez Schael, María Sol. _916782 |
|
| 245 | 1 | 3 |
_aEl excremento del diablo : _bla democracia venezolana y sus protagonistas, Betancourt, Caldera y Pérez / _cMaría Sol Pérez Schael; edición al cuidado de Bernardo Infante Daboín. |
| 260 |
_aCaracas, (Venezuela) : _bAlfadil Ediciones, _c1997. |
||
| 300 |
_a158 p. ; _c22 cm. |
||
| 490 | 1 |
_aTrópicos _v58 |
|
| 504 | _aIncluye referencias bibliográficas (p. 154-158). | ||
| 651 | 4 |
_aVenezuela _xPolítica Y Gobierno _y1935- _910676 |
|
| 650 | 4 |
_aDemocracia _zVenezuela _xHistoria _ySIGLO XX _916783 |
|
| 600 | 1 | 4 |
_aBETANCOURT, ROMULO, _d1908-1981. _916784 |
| 600 | 1 | 4 |
_aCALDERA, RAFAEL, _d1916- _99096 |
| 600 | 1 | 4 |
_aPÉREZ, CARLOS ANDRÉS _916785 |
| 700 | 1 |
_aInfante Daboín, Bernardo, _eed. _916786 |
|
| 830 | 0 |
_aTrópicos ; _v58 _913719 |
|
| 999 |
_c5755 _d5755 |
||